00441nam a2200145Ia 4500008004100000020001800041041000800059082001500067100003000082245007700112250000600189260004500195300002000240650003500260210716s2010 xx 000 0 und d a9788173197918 aeng a515.6 SHIS aShivaswamy, Shashishekar. aFinite element analysis and programming: an introduction.bIntroduction. a1 aNew DelhibNarosa Publishing Housec2010 axviii,20.56,S.4 aStatistical Mathematics(519.5)